Sports Quiz

Random Sports or Football Quiz
Score 0/50 Timer 15:00
2 Plays Today
Coût Joueur % Correct
180M€Kylian Mbappé
99.4%
120M€Antoine Griezmann
96.5%
105M€Paul Pogba
96.1%
75M€Zinédine Zidane
94.4%
125M€Ousmane Dembélé
92.5%
22M€Moussa Dembélé
92.4%
80M€Lucas Hernandez
90.9%
24M€Théo Hernandez
90.3%
60M€Anthony Martial
84.1%
57M€Benjamin Mendy
82%
48M€Ferland Mendy
82%
35M€Karim Benzema
81.9%
70M€Thomas Lemar
80.6%
65M€Aymeric Laporte
79.2%
35M€N'Golo Kanté
78.3%
30M€Dimitri Payet
78.2%
24M€Thierry Henry
78.1%
53M€Alexandre Lacazette
76.4%
60M€Tanguy Ndombélé
74.9%
35M€Benjamin Pavard
72.8%
30M€Franck Ribéry
71.5%
41M€Corentin Tolisso
71.4%
25M€Blaise Matuidi
69.2%
25M€Samuel Umtiti
69%
27M€Samir Nasri
58.8%
Coût Joueur % Correct
35M€Nicolas Anelka
54.9%
35M€Clément Lenglet
53%
36M€Lilian Thuram
52.5%
23M€David Trezeguet
51.4%
35M€Moussa Sissoko
47.3%
45M€Eliaquim Mangala
47.1%
23M€Alassane Plea
42.8%
22M€Yoann Gourcuff
42.6%
50M€Sébastien Haller
40.8%
25M€Yohan Cabaye
39.5%
25M€Layvin Kurzawa
39.2%
28M€Mamadou Sakho
38.5%
30M€Kévin Gameiro
38%
45M€Tiémoué Bakayoko
33.8%
25M€Lucas Tousart
28.7%
22M€Neal Maupay
28%
26M€Steven Nzonzi
26.1%
35M€Morgan Schneiderlin
20.9%
29M€Anthony Modeste
19%
40M€Wissam Ben Yedder
16.4%
32M€Abdou Diallo
15.4%
25M€Issa Diop
13.7%
25M€Jeff Reine-Adélaïde
11.5%
25M€Jules Koundé
9.9%
30M€William Saliba
6.7%
Remove Ads.
Support Sporcle.
Get the best of Sporcle when you Go Orange. This ad-free experience offers more features, more stats, and more fun while also helping to support Sporcle. Thank you for becoming a member.

You're not logged in!

Compare scores with friends on all Sporcle quizzes.
OR
Log In

Sporcle TV

Today on Sporcle TV


Watch our educational content, quiz creation guides, and fun videos on Sporcle TV.

Show Comments

Extras

Created Jun 24, 2020ReportNominate
Tags:Football Quiz

Top Quizzes Today


Score Distribution

Paid Content

Your Account Isn't Verified!

In order to create a playlist on Sporcle, you need to verify the email address you used during registration. Go to your Sporcle Settings to finish the process.

Report this User

Report this user for behavior that violates our Community Guidelines.

Details: